000
00240nam a22000857a 4500
008
160708b xxu||||| |||| 00| 0 eng d
100
_9
2406
_a
Bakshi, M
245
_a
The Moody Peaacocks and other Tales
260
_a
New Delhi
_b
Thomson Press
_c
1976
999
_c
2081
_d
2081